One story, thirty stories : (Record no. 16863)

MARC details
000 -LEADER
fixed length control field 02051cam a2200409 a 4500
001 - CONTROL NUMBER
control field 16324849
003 - CONTROL NUMBER IDENTIFIER
control field EG-ScBUE
005 - DATE AND TIME OF LATEST TRANSACTION
control field 20200106153159.0
008 - FIXED-LENGTH DATA ELEMENTS--GENERAL INFORMATION
fixed length control field 100709t2010 ncu f b 001 0 eng d
020 ## - INTERNATIONAL STANDARD BOOK NUMBER
International Standard Book Number 155728945X
020 ## - INTERNATIONAL STANDARD BOOK NUMBER
International Standard Book Number 9781557289469 (cloth : alk. paper)
020 ## - INTERNATIONAL STANDARD BOOK NUMBER
International Standard Book Number 1557289468 (cloth : alk. paper)
020 ## - INTERNATIONAL STANDARD BOOK NUMBER
International Standard Book Number 9781557289452 (pbk. : alk. paper)
040 ## - CATALOGING SOURCE
Original cataloging agency DLC
Language of cataloging eng
Description conventions rda
Transcribing agency DLC
Modifying agency BTCTA
-- YDXCP
-- C#P
-- BWX
-- AST
-- CDX
-- DLC
-- EG-ScBUE
082 04 - DEWEY DECIMAL CLASSIFICATION NUMBER
Classification number 810.80891593073
Item number ONE
Edition number 22
245 00 - TITLE STATEMENT
Title One story, thirty stories :
Remainder of title an anthology of contemporary Afghan American literature /
Statement of responsibility, etc edited by Zohra Saed, Sahar Muradi ; forword by Mir Tamim Ansary.
264 #1 - PUBLICATION, DISTRIBUTION, ETC. (IMPRINT)
Place of publication, distribution, etc Fayetteville :
Name of publisher, distributor, etc University of Arkansas Press,
Date of publication, distribution, etc [2010]
264 #4 - PUBLICATION, DISTRIBUTION, ETC. (IMPRINT)
Date of publication, distribution, etc c 2010
300 ## - PHYSICAL DESCRIPTION
Extent xxii, 277 pages ;
Dimensions 24 cm
336 ## - CONTENT TYPE
Source rdacontent
Content type term text
Content type code txt
337 ## - MEDIA TYPE
Source rdamedia
Media type term unmediated
Media type code n
338 ## - CARRIER TYPE
Source rdacarrier
Carrier type term volume
Carrier type code nc
500 ## - GENERAL NOTE
General note Includes appendix.
504 ## - BIBLIOGRAPHY, ETC. NOTE
Bibliography, etc Includes bibliographical references and index.<br/>
505 0# - FORMATTED CONTENTS NOTE
Formatted contents note Poetry -- Fiction -- Essays -- Blogs.
520 ## - SUMMARY, ETC.
Summary, etc "From a society shredded by violence and a generation caught between Afghanistan and America, Saed and Muradi have sewn together a vibrant patchwork of memory and imagination. At turns raw and affecting, One Story, Thirty Stories is a chronicle of loss and reunion, offering a firsthand look at how communities are fractured and remade, with all the frustration and tenderness that exile evokes."
590 ## - LOCAL NOTE (RLIN)
Local note mahmoud sami
650 #7 - SUBJECT ADDED ENTRY--TOPICAL TERM
Topical term or geographic name as entry element American literature
General subdivision Afghan American authors.
Source of heading or term BUEsh
9 (RLIN) 30567
650 #7 - SUBJECT ADDED ENTRY--TOPICAL TERM
Topical term or geographic name as entry element Afghan Americans
Form subdivision Literary collections.
Source of heading or term BUEsh
9 (RLIN) 30568
653 ## - INDEX TERM--UNCONTROLLED
Arrived date list July2012
Resource For college Humanities: English
655 ## - INDEX TERM--GENRE/FORM
Form subdivision Reading book
700 1# - ADDED ENTRY--PERSONAL NAME
Personal name Saed, Zohra,
Dates associated with a name 1975-
Relator term editor
9 (RLIN) 30569
700 1# - ADDED ENTRY--PERSONAL NAME
Personal name Muradi, Sahar,
Dates associated with a name 1979-
Relator term editor
9 (RLIN) 30570
700 1# - ADDED ENTRY--PERSONAL NAME
Personal name Ansary, Mir Tamim,
Relator term author of introduction, etc.
942 ## - ADDED ENTRY ELEMENTS (KOHA)
Source of classification or shelving scheme Dewey Decimal Classification
Koha item type Book - Borrowing
Holdings
Withdrawn status Lost status Source of classification or shelving scheme Damaged status Not for loan Collection code Home library Current library Shelving location Date acquired Cost, normal purchase price Serial Enumeration / chronology Total Checkouts Full call number Barcode Date last seen Price effective from Koha item type
    Dewey Decimal Classification     Baccah Central Library Central Library Second Floor 11/07/2012 144.00 15359   810.80891593073 ONE 000026963 15/07/2025 11/07/2012 Book - Borrowing